| 000 | 00807nam a2200217Ia 4500 | ||
|---|---|---|---|
| 001 | 10211 | ||
| 003 | GE_BSU | ||
| 008 | 181216s||||||||xx |||||||||||||| ||und|| | ||
| 040 | _cGE_BSU | ||
| 100 | _aსამსონიძე,პეტრე | ||
| 245 | _aსალტე | ||
| 245 | _bპიესა ოთხ მოქმედებად | ||
| 245 | _cბოლოსიტყვ:ერ.ქარელიშვილი;რედ:ერ.ქარელიშვილი;მხატვ:ე.ბოლქვაძე. | ||
| 260 | _aთბილისი | ||
| 260 | _bხელოვნება | ||
| 260 | _c1958 | ||
| 300 | _a96გვ;21სმ. | ||
| 300 | _b1ფ.პორტრეტი | ||
| 653 | _aსალტე:პიესა ოთხ მოქმედებად | ||
| 942 | _cBK | ||
| 999 |
_c43480 _d43480 |
||